| 000 | 01562nam a2200277Ia 4500 | ||
|---|---|---|---|
| 999 |
_c36376 _d36376 |
||
| 001 | 2288 | ||
| 003 | GE_BSU | ||
| 005 | 20190501121725.0 | ||
| 008 | 181216s2002||||ge |||||||||||||| ||geo|| | ||
| 020 | _a5505016812 | ||
| 040 | _cGE_BSU | ||
| 041 | _ageo | ||
| 080 | _a639/635(075.8) კ–89 | ||
| 245 |
_aკულტურულ მცენარეთა სელექცია, მეთესლეობა და თესლმცოდნეობა : _bსახელმძღვ. მცენარეთა გენეტიკის, სელექციისა და აგროგ. სპეც. სტუდ. / _cპეტრე ნასყიდაშვილი, მაკა ნასყიდაშვილი, მარიამ სიხარულიძე, შოთა სურგულაძე. |
||
| 264 |
_aთბილისი : _bგანათლება, _c2002. |
||
| 300 |
_a592 გვ. ; _b20 სმ. |
||
| 504 | _aბიბლიოგრ.: გვ. 584. | ||
| 653 | _aსოფლის მეურნეობა | ||
| 653 | _aმცენარეთა სელექცია | ||
| 653 | _aთესლმცოდნეობა | ||
| 700 |
_aნასყიდაშვილი, პეტრე _eავტორი _9581 |
||
| 700 |
_aნასყიდაშვილი, მაკა _9582 |
||
| 700 |
_aსიხარულიძე, მარიამ _eავტორი _9583 |
||
| 700 |
_aსურგულაძე, შოთა _eავტორი _9584 |
||
| 942 |
_cBK _2udc |
||